| Поле | Инд. | ПП | Название | Значение |
|---|---|---|---|---|
| Тип записи | a | |||
| Библиографический уровень | m | |||
| 001 | Контрольный номер | RU/URAIT/494696 | ||
| 003 | Постоянный идентификатор записи | https://urait.ru/bcode/494696 | ||
| 005 | Дата корректировки | 20250127083917.2 | ||
| 010 | a | ISBN | 978-5-534-14297-6 | |
| d | Цена | 1279.00 | ||
| 073 | _1 | a | Стандартный номер (EAN) | 9785534142976 |
| 100 | a | Данные общей обработки | 20201127d2022 km y0rusy89 ca | |
| 101 | 0_ | a | Язык текста | rus |
| 102 | a | Страна публикации | RU | |
| 105 | a | Кодированные данные (монография) | y j 000yy | |
| 106 | a | Кодированные данные для формы документа (Обозначение носителя) | s | |
| 200 | 1_ | a | Заглавие | Финансовое право |
| e | Сведения, относящиеся к заглавию | учебник для спо | ||
| f | Первые сведения об ответственности | А. И. Землин, О. М. Землина, Н. П. Ольховская ; под общей редакцией А. И. Землина. | ||
| 203 | a | Вид содержания | Текст : электронный | |
| 205 | a | Основные сведения об издании | 2-е изд. | |
| 210 | 1_ | a | Место издания | Москва |
| c | Издательство | Юрайт | ||
| d | Дата издания | 2022 | ||
| 215 | a | Объем | 324 с | |
| 225 | 1_ | a | Серия | Профессиональное образование |
| 230 | a | Обозначение и объем ресурса | Электрон. дан. | |
| 610 | 2_ | a | Ключевые слова | Финансовое право |
| 675 | a | Индекс УДК | 347.73(075.32) | |
| 686 | a | Систематический индекс | 67.402я723 | |
| 2 | Код системы | rubbk | ||
| 700 | _1 | a | Фамилия | Землин |
| b | Имя | А. И. | ||
| g | Полное личное имя | Александр Игоревич | ||
| 701 | _1 | a | Фамилия | Землина |
| b | Имя | О. М. | ||
| g | Полное личное имя | Ольга Михайловна | ||
| 701 | _1 | a | Фамилия | Ольховская |
| b | Имя | Н. П. | ||
| g | Полное личное имя | Надежда Петровна | ||
| 801 | _0 | a | Страна | RU |
| b | Организация | ИКО Юрайт | ||
| c | Дата составления | 20201127 | ||
| g | Правила каталогизации | RCR | ||
| 2 | Код формата | rusmarc | ||
| 801 | _1 | a | Страна | RU |
| b | Организация | ИКО Юрайт | ||
| c | Дата составления | 20201127 | ||
| g | Правила каталогизации | RCR | ||
| 2 | Код формата | rusmarc | ||
| 856 | 40 | q | Тип электронного формата | html |
| a | Внешний URL ресурс | ЭБС Юрайт. Доступ по логину и паролю | ||
| u | URL | https://urait.ru/bcode/494696 | ||
| 900 | l | |||
| 905 | a | Дата ввода | 20220519 |